| 000 | 01089nam a22003737a 4500 | ||
|---|---|---|---|
| 001 | BR7807282 | ||
| 003 | BR-BrBNA | ||
| 005 | 20230928085816.0 | ||
| 007 | ta | ||
| 008 | 230509b bl.||||| |||| 00| 0 por d | ||
| 040 |
_aBR-BrBNA _bpor _cBiblioteca Nacional de Agricultura |
||
| 041 | _a(Por) | ||
| 072 |
_aM00; M10 _b/G514 |
||
| 090 | _ M00 BR7807282 | ||
| 100 | 1 | _aRabelo Junior, J.M.P. | |
| 100 | 1 | _aPereira, I.G. | |
| 100 | 1 | _aAraujo, E.C. de | |
| 100 | 1 | _aFernandes Sobrinho, J. de R. | |
| 100 | 1 | _aMendes, A.M. de C. | |
| 100 | 1 | _aEmereciano, I.A.A. | |
| 100 | 1 | _aCorreia, M.M.F. | |
| 110 | 1 |
_aComissao Estadual de Planejamento Agricola, Sao Luis, MA (Brasil) _92062 |
|
| 245 | 1 | _aProjeto de desenvolvimento da pesca em Lago Acu [Maranhao, Brasil] | |
| 260 | 3 |
_aSao Luis, MA (Brasil): _c1978. |
|
| 300 | _a36 p. | ||
| 500 | _a18 tables | ||
| 650 | _aDESENVOLVIMENTO PESQUEIRO | ||
| 650 | _aPROJETO DE DESENVOLVIMENTO | ||
| 650 | _aPRODUCAO PESQUEIRA | ||
| 650 | _aLAGO ACU | ||
| 650 | _aMARANHAO | ||
| 909 |
_a202309 _bLucia _c55 _dLucia Elande |
||
| 942 | _cBK | ||
| 999 |
_c26445 _d26445 |
||